| 000 | 01256nam a2200361 a 4500 | ||
|---|---|---|---|
| 001 | 000110881 | ||
| 003 | CHAP | ||
| 005 | 20220329144149.0 | ||
| 008 | 141017s2014 mx a fsm |||||||spa d | ||
| 010 | _a107343 | ||
| 011 | _a108315 | ||
| 040 | _cCHAP | ||
| 090 | _aTesis | ||
| 100 | 1 |
_aArellanes Martínez, Refugio _9128635 |
|
| 245 | 1 | 4 |
_aLos tarahumaras _h[En línea] _cpor Refugio Arellanes Martínez. |
| 260 |
_aChapingo, Méx. : _bEl autor, _c2014. |
||
| 500 | _aPara ver el contenido del material haga clic en la liga | ||
| 502 | _aTesis (Ing. Agr. Esp. en Sociología Rural) -- UACH. Departamento de Sociología Rural | ||
| 590 |
_aBATCH _b00 _c20181121 _lUCH01 _h0758 |
||
| 590 |
_aE11695DGD _b10 _c20141017 _lUCH01 _h1346 |
||
| 590 |
_aE11695DGD _b10 _c20141017 _lUCH01 _h1408 |
||
| 590 |
_aE5995AHE _b05 _c20141017 _lUCH01 _h1054 |
||
| 590 |
_aE5995AHE _b05 _c20141017 _lUCH01 _h1054 |
||
| 650 | 1 | 4 |
_aAlimentación. _94109 |
| 650 | 1 | 4 |
_aIndios de México _xAgricultura. _957623 |
| 650 | 1 | 4 |
_aTarahumaras _xEconomía. _9128200 |
| 650 | 1 | 4 |
_aTarahumaras _xVida social y costumbres. _9128198 |
| 856 |
_a1 _n0000470 |
||
| 856 |
_aFinding aid _uhttp://10.13.5.2/tesis/sist110881.pdf _zTeclea aquí |
||
| 901 | _aBK | ||
| 942 | _cTESIS | ||
| 942 | _n0 | ||
| 999 |
_c107343 _d107343 |
||